[Event "FRA-chT2 0405"]
[Site "France"]
[Date "2005.04.03"]
[Round "11.6"]
[White "Mallet, Celine"]
[Black "Linnemer, Laurent"]
[Result "1/2-1/2"]
[WhiteElo "2034"]
[BlackElo "2140"]
[PlyCount "61"]
[EventDate "2004.10.10"]
[EventType "team"]
[EventRounds "11"]
[EventCountry "FRA"]
[SourceTitle "EXT 2006"]
[Source "ChessBase"]
[SourceDate "2005.11.24"]
[SourceVersion "1"]
[SourceVersionDate "2005.11.24"]
[SourceQuality "1"]

1. d4 Nf6 2. c4 e5 3. dxe5 Ne4 4. Nf3 Nc6 5. e3 d6 6. Be2 Bf5 7. Nd4 Bg6 8. Nxc6 bxc6 9. 0-0 dxe5 10. Qa4 Qd7 11. Bf3 c5 12. Qxd7+ Kxd7 13. Nc3 Nxc3 14. Bxa8 Ne2+ 15. Kh1 Nxc1 16. Raxc1 c6 17. Rc3 Be7 18. Bb7 Rb8 19. Rb3 Kc7 20. Ba6 Rxb3 21. axb3 Bf5 22. f3 Kb6 23. Ra1 Bg5 24. e4 Be6 25. g3 Be3 26. Kg2 g5 27. g4 Bd4 28. Ra2 Be3 29. Ra1 Bd2 30. Kf2 Ba5 31. Bb7 1/2-1/2

[Event "FRA-chT2 0405"]
[Site "France"]
[Date "2005.04.02"]
[Round "10.6"]
[White "Linnemer, Laurent"]
[Black "Rolland, Benjamin"]
[Result "1/2-1/2"]
[WhiteElo "2140"]
[BlackElo "2116"]
[PlyCount "120"]
[EventDate "2004.10.10"]
[EventType "team"]
[EventRounds "11"]
[EventCountry "FRA"]
[SourceTitle "EXT 2006"]
[Source "ChessBase"]
[SourceDate "2005.11.24"]
[SourceVersion "1"]
[SourceVersionDate "2005.11.24"]
[SourceQuality "1"]

1. e4 e5 2. Nf3 Nc6 3. Bc4 Nf6 4. 0-0 Nxe4 5. Bd5 Nf6 6. Bxc6 dxc6 7. Nxe5 Bd6 8. d4 0-0 9. Bg5 h6 10. Bh4 Re8 11. f4 c5 12. Nc3 cxd4 13. Qxd4 Be7 14. Qa4 c6 15. Qb3 Qb6+ 16. Qxb6 axb6 17. Bf2 b5 18. a3 Bf5 19. Nd3 Nd7 20. Rfe1 Bf6 21. Rxe8+ Rxe8 22. Re1 Rxe1+ 23. Nxe1 Bxc3 24. bxc3 Nf6 25. Be3 Ne4 26. Bd4 c5 27. Be3 b6 28. h3 Nxc3 29. g4 Be4 30. Kf2 f5 31. gxf5 Bxf5 32. Kg3 Kf7 33. h4 Ke6 34. h5 Ne4+ 35. Kh4 Nf6 36. Bc1 Bg4 37. Bb2 Bd1 38. Be5 Nxh5 39. Bc7 Kf5 40. Ng2 g5+ 41. fxg5 hxg5+ 42. Kh3 Ke4 43. Bxb6 c4 44. Ne3 Bf3 45. a4 bxa4 46. Nxc4 g4+ 47. Kh4 Nf6 48. Kg3 Nd5 49. Nd2+ Ke5 50. Bc5 Bd1 51. c4 Nf6 52. Bb4 Kd4 53. c5 Kd5 54. Nf1 Bf3 55. Nd2 Be2 56. Kf2 Bd1 57. Ke1 Bb3 58. Kf2 Nd7 59. Kg3 Nxc5 60. Kxg4 Ne4 1/2-1/2

[Event "FRA-chT2 0405"]
[Site "France"]
[Date "2004.10.10"]
[Round "1.3"]
[White "Bollengier, Andreea"]
[Black "Linnemer, Laurent"]
[Result "1-0"]
[WhiteElo "2244"]
[BlackElo "2160"]
[PlyCount "129"]
[EventDate "2004.10.10"]
[EventType "team"]
[EventRounds "11"]
[EventCountry "FRA"]
[SourceTitle "EXT 2006"]
[Source "ChessBase"]
[SourceDate "2005.11.24"]
[SourceVersion "1"]
[SourceVersionDate "2005.11.24"]
[SourceQuality "1"]
[WhiteTeam "Saint Affrique"]
[BlackTeam "Montpellier  II"]
[WhiteTeamCountry "FRA"]
[BlackTeamCountry "FRA"]

1. e4 e5 2. Nf3 Nc6 3. Bb5 f5 4. Nc3 fxe4 5. Nxe4 d5 6. Nxe5 dxe4 7. Nxc6 Qd5 8. c4 Qd6 9. Qh5+ g6 10. Qe5+ Qxe5 11. Nxe5+ c6 12. Ba4 Bg7 13. f4 exf3 14. Nxf3 Bf5 15. d4 0-0-0 16. Bg5 Re8+ 17. Kf2 h6 18. Bf4 Nf6 19. Rhe1 g5 20. Be5 Ng4+ 21. Kg1 Nxe5 22. Nxe5 Bxe5 23. dxe5 Re7 24. Re3 Rd8 25. Rd1 Be6 26. Rxd8+ Kxd8 27. Bb3 Rd7 28. Kf2 Rd2+ 29. Re2 Rxe2+ 30. Kxe2 c5 31. Ke3 Bf5 32. Bd1 Ke7 33. Bf3 Ke6 34. Bxb7 Kxe5 35. Ba6 Bc2 36. g3 Ba4 37. b3 Bd7 38. a3 Bf5 39. b4 Kd6 40. Bb7 Bh3 41. Bd5 Bf5 42. Kf3 Bh3 43. b5 Bf5 44. a4 Kd7 45. a5 Kc7 46. h4 gxh4 47. gxh4 h5 48. Kf4 Bd3 49. Ke5 Be2 50. Be6 Bf3 51. Bf7 a6 52. bxa6 Kb8 53. Bd5 Be2 54. Kd6 Ka7 55. Kxc5 Kxa6 56. Kb4 Bg4 57. Bf7 Bf3 58. Be6 Bg4 59. Bd5 Bd1 60. c5 Bg4 61. c6 Bd1 62. Bc4+ Ka7 63. Kc5 Bg4 64. Kd6 Kb8 65. Be6 1-0